000 00481nam a2200205Ia 4500
003 OSt
005 20140313091148.0
008 140130s9999 xx 000 0 und d
020 _a9780439684491
050 _aPZ 7
_b.R8139Ki 2004
100 _aRoy, Ron
245 _aKidnapped At The Capital /
_cRon Roy.
260 _bScholastic,
_c2004.
_aNew York :
300 _a72 p. :
_c18 cm.
440 _v1
521 _aG3
526 _c500
942 _cBK
_2lcc
999 _c40537
_d40537